Cities in the Tulsa Metro Area on a Map - Statistics

General Stats
  • This quiz has been taken 203 times
  • The average score is 9 of 33
Answers on the Map
Answers color-coded by a green-red scale on the quiz's map according to % correct below.
 
Answer Stats
City Population % Correct
Tulsa 415,154
99%
Broken Arrow 122,756
86%
Bixby 31,728
39%
Owasso 42,821
39%
Jenks 27,869
38%
Sapulpa 23,297
36%
Sand Springs 20,330
35%
Claremore 20,602
29%
Glenpool 14,567
28%
Okmulgee 11,354
28%
Catoosa 7,497
26%
Coweta 11,093
24%
Skiatook 8,879
23%
Wagoner 8,387
23%
Pawhuska 2,923
21%
Verdigris 5,775
21%
Collinsville 9,757
20%
Pawnee 1,971
20%
Cleveland 3,263
19%
Henryetta 5,606
19%
Inola 1,895
19%
Sperry 1,244
19%
Bristow 4,282
18%
Oologah 1,350
18%
Hominy 3,286
17%
Mannford 3,429
17%
Chelsea 1,986
16%
Drumright 2,527
16%
Beggs 1,184
15%
Kellyville 1,049
15%
Fairfax 1,102
14%
Kiefer 2,271
13%
Morris 1,334
12%
No matching quizzes found
Score Distribution
Percent of People with Each Score
Percentile by Number Answered
Your Score History
You have not taken this quiz